| 000 | 00470nam a22001577a 4500 | ||
|---|---|---|---|
| 003 | OSt | ||
| 005 | 20130426121553.0 | ||
| 008 | 130426s2007 sp ||||| |||| 00| 0 spa d | ||
| 040 | _cCDMR | ||
| 245 | 0 | 0 |
_aMemoria de actividades 2006 _cAPIE |
| 260 |
_aMadrid _bAsociación de Periodistas de Información Económica _c[2007] |
||
| 300 | _a55 p. | ||
| 650 | 0 | 4 |
_9262 _aPremsa econòmica |
| 710 | 2 |
_92702 _aAsociación de Periodistas de Información Económica |
|
| 942 |
_2udc _cMON |
||
| 999 |
_c6156 _d6156 |
||